000
00264nam a22001217a 4500
003
SGT
082
_a
617.96
_b
E06G
100
_a
GHROPADE,K H
245
_a
ESSENTIALS OF LOCAL ANESTHESIA WITH MCQS
260
_a
LONDON
_b
J P
_c
2006
300
_a
106
942
_2
ddc
_c
BK
999
_c
14231
_d
14231